Song of the soul : (Record no. 40220)
[ view plain ]
| 000 -LEADER | |
|---|---|
| fixed length control field | 00807nam a22002057a 4500 |
| 005 - DATE AND TIME OF LATEST TRANSACTION | |
| control field | 2010080905245.0 |
| 010 ## - LCCN (DPL NO) | |
| LC control number | ENG-99021 |
| 020 ## - INTERNATIONAL STANDARD BOOK NUMBER | |
| International Standard Book Number | 8189835076 |
| Terms of availability | 120.00 |
| 020 ## - INTERNATIONAL STANDARD BOOK NUMBER | |
| International Standard Book Number | 9788189835071 |
| Terms of availability | 120.00 |
| 035 ## - SYSTEM CONTROL NUMBER | |
| System control number | EN-82553 |
| 037 ## - SOURCE OF ACQUISITION | |
| Source of stock number/acquisition | DBAD/PUB |
| 082 ## - DEWEY DECIMAL CLASSIFICATION NUMBER | |
| Classification number | 230.37 |
| 100 ## - MAIN ENTRY--PERSONAL NAME | |
| Personal name | Sushil Kumarji Maharaj |
| 245 ## - TITLE STATEMENT | |
| Title | Song of the soul : |
| Remainder of title | an introduction to the Namokar Mantra and science of sound / |
| Statement of responsibility, etc | By Sushil Kumarji Maharaj |
| 260 ## - PUBLICATION, DISTRIBUTION, ETC. (IMPRINT) | |
| Place of publication, distribution, etc | New Delhi |
| Name of publisher, distributor, etc | Acharya Sushil Ashram |
| Date of publication, distribution, etc | 2007 |
| 270 ## - ADDRESS | |
| Address | C-599, Chetna Marg Defence Colony |
| City | New Delhi |
| Postal code | 110024 |
| 300 ## - PHYSICAL DESCRIPTION | |
| Extent | 94p. : |
| Other physical details | ill. |
| Dimensions | 21cm (pbk) |
| 942 ## - ADDED ENTRY ELEMENTS (KOHA) | |
| Source of classification or shelving scheme | Dewey Decimal Classification |
| Item type | English Books |
| Classification part | 230.37 |
| Call number suffix | SUS |
| Withdrawn status | Lost status | Not for loan | Collection code | Home library | Current library | Date acquired | Source of acquisition | Cost, normal purchase price | Full call number | Barcode | Copy number | Cost, replacement price | Koha item type |
|---|---|---|---|---|---|---|---|---|---|---|---|---|---|
| Not For Loan | Non-fiction | D.B.Act.Division | D.B.Act.Division | 09/08/2010 | DBAD/PUB | 120.00 | 230.37 SUS | EN-82553 | 1 | 120.00 | English Books |
